000 00389 a2200169 4500
001 184643
020 _a978-85-262-7841-7
040 _cMagnum
100 _aJoly, Fanny
240 1 0 _aQuem tem medo de monstro?
_lpor
245 1 0 _aQuem tem medo de monstro?
300 _a29
362 0 _a2010
440 1 _aScipione
697 _aLITERATURA INFANTO-JUVENIL ESTRANGEIRA
942 _cBK
999 _c184643
_d184643